Eastern Utah Libraries Catalog: Duchesne, Heber, Roosevelt, & Vernal

Ear Worm! (Record no. 368946)

MARC details
000 -LEADER
fixed length control field 00579nam a22001935 4500
001 - CONTROL NUMBER
control field BK0027944567
005 - DATE AND TIME OF LATEST TRANSACTION
control field 20220105114030.0
008 - FIXED-LENGTH DATA ELEMENTS--GENERAL INFORMATION
fixed length control field 220103s2022 xx 000 0 eng d
020 ## - INTERNATIONAL STANDARD BOOK NUMBER
International Standard Book Number 9781536207835 : SAL
Terms of availability 17.99
020 ## - INTERNATIONAL STANDARD BOOK NUMBER
International Standard Book Number 1536207837 : SAL
Terms of availability 17.99
037 ## - SOURCE OF ACQUISITION
Source of stock number/acquisition Candlewick Pr, C/O Random House Childrens Customer Service 400 Hahn rd, Westminster, MD, USA, 21157
Note SAN 201-3975
050 ## - LIBRARY OF CONGRESS CALL NUMBER
Classification number PZ
082 ## - DEWEY DECIMAL CLASSIFICATION NUMBER
Classification number E
092 ## - LOCALLY ASSIGNED DEWEY CALL NUMBER (OCLC)
Classification number E
100 ## - MAIN ENTRY--PERSONAL NAME
Personal name Knowles, Jo/ Bernstein, Galia (ILT)
9 (RLIN) 6437635
245 00 - TITLE STATEMENT
Title Ear Worm!
264 #1 - Production, Publication, Distribution, Manufacture, and Copyright Notice.
Name of producer, publisher, distributor, manufacturer Candlewick Pr
Date of production, publication, distribution, manufacture, or copyr 2022
300 ## - PHYSICAL DESCRIPTION
Extent 32 p. ;
Holdings
Withdrawn status Lost status Source of classification or shelving scheme Damaged status Not for loan Collection code Home library Current library Shelving location Date acquired Source of acquisition Total Checkouts Total Renewals Full call number Barcode Checked out Date last seen Date checked out Cost, replacement price Price effective from Koha item type
    Dewey Decimal Classification     Children Picture Books Wasatch County Library Wasatch County Library Main Floor Childrens Area 01/25/2022 Micromarketing 18 17 E Knowles 34301002174391 05/07/2026 03/11/2026 03/11/2026 17.99 01/25/2022 BOOK
This project was made possible through a grant from the Institute of Museum and Library Service administered by the Utah State Library Division.

Wasatch County Library

  • 465 East 1200 South, Heber City, Utah 84032
  • Phone 435-654-1511 | Fax 435-654-6456

Hours

  • Monday - Friday 9:30 AM - 8:00 PM
  • Saturday 9:30 AM - 1:30 PM
  • Closed Sundays and Holidays